000 00679nam a2200241 a 4500
001 63288
003 BD-RjUL
005 20211209081158.0
008 170129s1977 nyu b 001 0 eng d
020 _a0134485483
035 _a(BD-RjUL)63417
040 _aDLC
_cODaWU
_dBD-RjUL
_beng
041 _aeng
082 0 0 _a301.2
_bBRI 1977
_223
100 1 0 _aBrady, Marion
_9188340
245 1 4 _aIdea and action in world cultures /
_cMarion Brady
260 _aUnited states :
_bPrentice-Hall Inc.,
_cc1977
300 _a520 p. :
_bill. ;
_c23 cm.
504 _aIncludes Bibliography & Index.
650 0 _aSociology.
_9100630
700 _aBrady, Howard
_9188341
942 _2ddc
_cBK
999 _c63288
_d63288